000 00626nam a2200217 a 4500
001 24040
003 CO-ViMGA
008 141112s2004 ck r 000 u spa d
020 _a9788425222542
040 _aCO-ViMGA
_bspa
_cCO-ViMGA
082 0 4 _a741.6 S353i
100 1 _aSetdon, Tony
_934970
245 1 0 _aImagenes :
_bFlujo de trabajo digital para diseñadores graficos /
_cTony Setdon
260 _aEspaña :
_bGG
300 _a224P.
650 1 4 _aDISEÑO QUIMICO
_934971
650 1 4 _aINFOGRAFIA
_934972
650 1 4 _aPROCESAMIENTO DE IMAGENES
_931460
650 1 4 _aPROCESAMIENTO DIGITAL
_934973
942 _2ddc
_cBK
999 _c32099
_d32099